000 00685nam a2200241Ia 4500
003 OSt
005 20221005093736.0
006 a|||||r|||| 00| 0
007 ta
008 221004b |||||||| |||| 00| 0 eng d
024 _a66984
037 _cTextual
040 _aCRL
_cCRL
_beng
041 _2eng
_aeng
082 _aV73:195.N41<--N19, M3
100 _aJones Kenneth Paul Ed.
_9618719
245 0 _aUS diplomats in Europe 1919-1941
260 _aOxford
_bABC-Clio UK
_c1983
300 _a240p.
_ccm.
650 _aUNITED STATES - HISTORY
_931585
942 _hV73:195.N41<--N19, M3
_cTEXL
_2cc
999 _c1000851
_d1000851